Llwytho...
The Morality of Law
| Prif Awdur: | |
|---|---|
| Fformat: | Printed Book |
| Cyhoeddwyd: |
Delhi:
Universal Book Traders,
1995.
|
| Pynciau: |
| LEADER | 00414cam a2200121ua 4500 | ||
|---|---|---|---|
| 082 | |a 340.112 | ||
| 100 | |a Fuller,Lons L. | ||
| 245 | |a The Morality of Law |c Lons L Fuller | ||
| 260 | |a Delhi: |b Universal Book Traders, |c 1995. | ||
| 650 | |a The Morality of Law | ||
| 942 | |c BK | ||
| 999 | |c 275230 |d 275230 | ||
| 952 | |0 0 |1 0 |4 0 |6 340_112000000000000_FULM |7 0 |9 292852 |a LAW |b LAW |d 2020-02-28 |l 0 |o 340.112 FUL-M |p LAW1693 |r 2020-02-28 |t 1 |w 2020-02-28 |y BK | ||